000 00927nam a2200265 a 4500
001 000002451
005 20240530073910.0
008 090702s2009 dr ac 001 f spa d
020 _a9789945457032
040 _aDO-SdBNP
_bspa
_cBNPHU
082 _aRD863.44
_bG491m, 2009
100 1 _aGimbernard, Jacinto Carlos,
_d1931-
_97741
245 1 0 _aMedalaganario /
_cJacinto Carlos Gimbernard ; presentación Daniel Toribio.
250 _a4a ed.
260 _aSanto Domingo :
_bBanco de Reservas :
_bSociedad Dominicana de Bibliófilos,
_c2009.
300 _a174 p. :
_bil., retrs. ;
_c23 cm.
490 0 _aBibliófilos-BanReservas
_v5
500 _aIncluye índice onomástico
590 _aInventariado, 2020/BT
650 0 _aNovela dominicana
_9223
650 0 _aLiteratura dominicana.
_967
700 1 _aToribio, Daniel
_9588
830 0 _aBibliófilos-BanReservas
_v5
_97742
910 _aValidado. Control de calidad MMOLINA
999 _c2287
_d2287